| Tag |
First Indicator |
Second Indicator |
Subfields |
| LEADER |
00000nam a2200000Ia 4500 |
| 001 |
in00004307621 |
| 005 |
20200810091305.0 |
| 006 |
m g d |
| 007 |
cr bn |||a|bb| |
| 008 |
910913s1690 enk o 00| | eng d |
| 035 |
|
|
|a (OCoLC)24369866
|
| 037 |
|
|
|a CL0037000063
|b ProQuest Information and Learning. 300 N. Zeeb Rd., Ann Arbor, MI 48106
|
| 040 |
|
|
|d WaOLN
|
| 043 |
|
|
|a e-uk-en
|
| 090 |
|
|
|a PR3291.A1
|b N49 1690
|
| 049 |
|
|
|a EAFA
|
| 245 |
0 |
2 |
|a A New copy of verses call'd The heiress's lamentation, or, Pity too late :
|b to the tune of The torments of a long dispair.
|
| 260 |
|
|
|a London :
|b Printed for J. Richardson ...,
|c [1690?]
|
| 300 |
|
|
|a 1 online resource (1 broadside.
|
| 336 |
|
|
|a text
|b txt
|2 rdacontent
|
| 337 |
|
|
|a computer
|b c
|2 rdamedia
|
| 338 |
|
|
|a online resource
|b cr
|2 rdacarrier
|
| 500 |
|
|
|a Date of publication suggested by Wing.
|
| 500 |
|
|
|a Reproduction of original in the Harvard University Library.
|
| 510 |
4 |
|
|a Wing (2nd edition)
|c N600B
|
| 533 |
|
|
|a Electronic reproduction.
|b Ann Arbor, Mich. :
|c UMI,
|d 1999-
|f (Early English books online)
|n Digital version of: (Early English books, 1641-1700 ; 1708:25)
|7 s1999 miun s
|
| 650 |
|
0 |
|a Ballads, English
|y 17th century.
|
| 655 |
|
7 |
|a Broadsides
|z England
|z London.
|2 rbgenr
|
| 740 |
0 |
|
|a Heiress's lamentation.
|
| 740 |
0 |
|
|a Pity too late.
|
| 730 |
0 |
|
|a Torments of a long dispair.
|
| 830 |
|
0 |
|a Early English books online.
|
| 856 |
4 |
0 |
|u http://proxy.library.tamu.edu/login?url=https://search.proquest.com/docview/2240873720
|z Connect to the full text of this electronic book
|t 0
|
| 999 |
f |
f |
|s ad32764e-bf05-36e5-a7a1-b1034cdfc84a
|i 63faa543-fa10-33d5-b776-540f8e99b0a0
|t 0
|
| 952 |
f |
f |
|a Texas A&M University
|b College Station
|c Electronic Resources
|d Available Online
|t 0
|e PR3291.A1 N49 1690
|h Library of Congress classification
|
| 998 |
f |
f |
|a PR3291.A1 N49 1690
|t 0
|l Available Online
|